| Tag |
First Indicator |
Second Indicator |
Subfields |
| LEADER |
00000cam a2200000 a 4500 |
| 001 |
in00001406630 |
| 005 |
20151020072822.0 |
| 008 |
970825s1998 nhu b 001 0 eng |
| 010 |
|
|
|a 97037156
|
| 020 |
|
|
|a 0435071432 (acid-free paper)
|
| 035 |
|
|
|a (OCoLC)37567309
|
| 035 |
|
|
|9 AHQ3575AM
|
| 040 |
|
|
|a DLC
|c DLC
|d TXA
|d UtOrBLW
|
| 049 |
|
|
|a TXAM
|
| 050 |
0 |
0 |
|a Q181
|b .A287 1998
|
| 082 |
0 |
0 |
|a 507.1
|2 21
|
| 100 |
1 |
|
|a Adams, Dennis,
|d 1947-
|
| 245 |
1 |
0 |
|a Collaborative inquiry in science, math, and technology /
|c Dennis Adams, Mary Hamm.
|
| 246 |
3 |
0 |
|a Collaborative inquiry
|
| 264 |
|
1 |
|a Portsmouth, NH :
|b Heinemann,
|c [1998]
|
| 264 |
|
4 |
|c ©1998
|
| 300 |
|
|
|a x, 133 pages ;
|c 23 cm.
|
| 336 |
|
|
|a text
|b txt
|2 rdacontent
|
| 337 |
|
|
|a unmediated
|b n
|2 rdamedia
|
| 338 |
|
|
|a volume
|b nc
|2 rdacarrier
|
| 504 |
|
|
|a Includes bibliographical references (pages 119-128) and index.
|
| 650 |
|
0 |
|a Science
|x Study and teaching.
|
| 650 |
|
0 |
|a Mathematics
|x Study and teaching.
|
| 650 |
|
0 |
|a Engineering
|x Study and teaching.
|
| 650 |
|
0 |
|a Group work in education.
|
| 700 |
1 |
|
|a Hamm, Mary.
|
| 948 |
|
|
|a c:ce
|
| 999 |
|
|
|a MARS
|
| 999 |
f |
f |
|s 529dc6d3-b626-3cd2-b1fa-99d890e866aa
|i 9a72d148-1036-34d6-b28e-dd0c5f8f1c5d
|t 0
|
| 952 |
f |
f |
|p ric
|a Texas A&M University
|b Rellis Campus
|c Joint Library Facility
|s JLF
|d Remote Storage
|t 0
|e Q181 .A287 1998
|h Library of Congress classification
|i unmediated -- volume
|m A14823314360
|
| 998 |
f |
f |
|a Q181 .A287 1998
|t 0
|l Remote Storage
|